| 000 | 00000nam##2200000za#4500 |
| 001 | 9.645845 |
| 003 | CaOODSP |
| 005 | 20200330135402 |
| 007 | ta |
| 008 | 150407|1995||||xxc||||| f|0| 0 eng|d |
| 020 | |a0-662-23120-1 |
| 040 | |aCaOODSP|beng |
| 043 | |an-cn--- |
| 086 | 1 |aR72-239/1995E |
| 110 | 1 |aCanada.|bIndian and Northern Affairs. |bNorthern Oil and Gas Directorate. |
| 245 | 10|aPetroleum exploration in northern Canada : |ba guide to oil and gas exploration and potential / |cEdited by G. R. Morrell. Issued by the Northern Oil and Gas Directorate. |
| 260 | |aOttawa - Ontario : |bIndian and Northern Affairs. |c1995. |
| 300 | |a110p. : |bfigs., graphs, references, tables ; |c28 cm. |
| 500 | |a"Published to mark the re-opening of vast regions of the North to new exploration rights issuance, the first in 25 years in the mainland Northwest Territories.... This publication offers both a quick look at the majority of potential petroleum-bearing basins, and a more comprehensive summary of the petroleum geology, exploration history and gas potential of each basin."--Preface. |
| 520 | 3 |aPublished to mark the re-opening of vast regions of the North to new exploration rights issuance, the first in 25 years in the mainland Northwest Territories.... This publication offers both a quick look at the majority of potential petroleum-bearing basins, and a more comprehensive summary of the petroleum geology, exploration history and gas potential of each basin.--Preface |
| 563 | |aSoftcover |
| 590 | |a95-36|b1995-09-08 |
| 690 | 07|aPetroleum|2gcpds |
| 720 | 1 |aMorrell, G. R. |
| 775 | 08|tL'exploration pétrolière et gazière dans le nord du Canada : |w(CaOODSP)9.679601 |
| 776 | 0#|tPetroleum exploration in northern Canada : |w(CaOODSP)9.697867 |
| 986 | |aQS-8504-000-EE-A1 |